| 000 | 01103cam a2200277 4500 | ||
|---|---|---|---|
| 008 | 090401t1998 xxu||||| |||| 00| 0 eng d | ||
| 020 | _a0853084785 | ||
| 035 | _a(Sirsi) u84273 | ||
| 041 | _aeng | ||
| 050 | _a346.41032 | ||
| 100 | _aVirgo, John | ||
| 245 | _aSurveyors` liability: law and practice. | ||
| 260 |
_aBristol _bJordans _c1998 |
||
| 300 | _axxxvi,328p. ; 24cm. | ||
| 350 | _a60 | ||
| 520 | _aAimed at general practice and quantity surveyors, this work provides a comprehensive overview on liability. Includes chapters on valuations and surveys, damages, court practice and procedure, quantity surveying and adjudication and arbitration. Reproduces the RICS/ISVA HSV report and practice notes as well as the Specification for Residential Mortgage Valuation. | ||
| 650 | _aBUILDING SURVEYS | ||
| 650 | _aABOUT RICS-RICS MEMBERS | ||
| 650 | _aLIABILITY | ||
| 650 | _aBUILT ENVIRONMENT-QUANTITY SURVEYING | ||
| 650 | _aVALUATIONS | ||
| 690 | _aMANAGEMENT-BUSINESS MANAGEMENT-PROFESSIONAL PRACTICE | ||
| 700 | _aWynne-Griffiths, Ralph | ||
| 942 | _n0 | ||
| 948 | _c17/02/1998 | ||
| 999 |
_c96930 _d96930 |
||